Diferencias de género en el sistema de apoyo a la población envejecida en México /
Este artículo se busca responder a algunas preguntas que son relevantes en el estudio sobre los apoyos sociales para la población con 60 años y más, las cuales no se habían formulado ni respondido en México: quiénes da ayuda a la población con 60 años y más? de qué tipo es esa ayuda? y, en caso de q...
Gespeichert in:
| 1. Verfasser: | |
|---|---|
| Format: | Text |
| Schlagworte: | |
| Tags: |
Tag hinzufügen
Keine Tags, Fügen Sie den ersten Tag hinzu!
|
MARC
| LEADER | 00000 a a2200000 04500 | ||
|---|---|---|---|
| 001 | 11688 | ||
| 003 | |||
| 040 | |||
| 100 | |a Montes Oca Zavala, Verónica | ||
| 245 | |a Diferencias de género en el sistema de apoyo a la población envejecida en México / |c Verónica Montes Oca Zavala | ||
| 520 | |a Este artículo se busca responder a algunas preguntas que son relevantes en el estudio sobre los apoyos sociales para la población con 60 años y más, las cuales no se habían formulado ni respondido en México: quiénes da ayuda a la población con 60 años y más? de qué tipo es esa ayuda? y, en caso de que estas personas apoyan a otras, quiénes son y qué las apoyan? La respuesta a estas preguntas intenta cuestionar los esteoreotipos que asumen la vulnerabilidad y dependencia general de la población anciana | ||
| 650 | |a ENVEJECIMIENTO | ||
| 650 | |a TERCERA EDAD | ||
| 650 | |a DEPENDENCIA | ||
| 650 | |a ROL DE LA MUJER | ||
| 650 | |a MEDIO FAMILIAR | ||
| 650 | |a ANALISIS DE GENERO | ||
| 650 | |a TERCERA EDAD | ||
| 650 | |a ROL DE LA MUJER | ||
| 650 | |a MEDIO FAMILIAR | ||
| 773 | |g volumen 5, número 19; páginas 149-172 | ||
| 999 | |c 36480 |d 36480 | ||
